Выбор условий жидкофазного обезвреживания токсичных отходов; Химия и химическая технология в XXI веке

Dades bibliogràfiques
Parent link:Химия и химическая технология в XXI веке.— 2009.— С. 297-298
Autor principal: Тимофеева М. А.
Altres autors: Денекова А. Ю. (научный руководитель), Волгина Т. Н.
Idioma:rus
Publicat: 2009
Matèries:
Format: MixedMaterials Capítol de llibre
KOHA link:https://koha.lib.tpu.ru/cgi-bin/koha/opac-detail.pl?biblionumber=173842

MARC

LEADER 00000naa2a2200000 4500
001 173842
005 20231031164529.0
035 |a (RuTPU)RU\TPU\book\188530 
090 |a 173842 
100 |a 20100111d2009 k y0rusy50 ca 
101 0 |a rus 
102 |a RU 
200 1 |a Выбор условий жидкофазного обезвреживания токсичных отходов  |f М. А. Тимофеева, А. Ю. Денекова  |g науч. рук. Т. Н. Волгина 
320 |a Библиогр.: 5 назв. 
463 0 |0 (RuTPU)RU\TPU\book\176321  |t Химия и химическая технология в XXI веке  |o X Юбилейная всероссийская научно-практическая конференция студентов и аспирантов, г. Томск, 13-15 мая 2009 г.  |f Томский политехнический университет (ТПУ) ; Химия и химическая технология в XXI веке  |v С. 297-298  |d 2009  |p 322 с. 
610 1 |a отходы 
610 1 |a токсичность 
610 1 |a жидкофазное обезвреживание 
610 1 |a окислители 
610 1 |a электрохимия 
610 1 |a труды учёных ТПУ 
700 1 |a Тимофеева  |b М. А. 
701 1 |a Денекова  |b А. Ю. 
702 1 |a Волгина  |b Т. Н.  |4 727 
801 1 |a RU  |b 63413507  |c 20100111 
942 |c BK